| 000 | 00774nam a22002417a 4500 | ||
|---|---|---|---|
| 005 | 20170124110218.0 | ||
| 010 | _aA-585209 | ||
| 020 | _c16.00 | ||
| 035 | _aA-585209 | ||
| 037 | _bCen Lib/Ret | ||
| 040 |
_aDPL _bEN |
||
| 082 |
_a302.14 _bOZA |
||
| 100 |
_aOza, D. K. _939404 |
||
| 245 |
_aVoluntary action and Gandhian approach : _cby D. K. Oza; illustrated by Santhana Raj _ba study of three voluntary movements in India / |
||
| 246 | _b | ||
| 260 |
_bNational Book Trust _aNew Delhi _c1991 |
||
| 270 |
_bNew Delhi _e10016 _aA-5, Green Park |
||
| 300 |
_avi,74p. _c22cm(Hb) |
||
| 650 |
_aGandhi, -- Mahatma, -- 1869-1948 _939405 |
||
| 650 |
_aVoluntarism -- India _939406 |
||
| 700 |
_aRaj, Santhana _939407 |
||
| 942 |
_2ddc _cEN _h302.14 _mOZA |
||
| 999 |
_c133971 _d133971 |
||